000 00874cam a22002533a 4500
001 29247
003 PGUSA
005 20140828083631.0
008 090626s2009||||xxu|||||s|||||000 | eng d
040 _aPGUSA
_beng
042 _adc
050 4 _aPA
100 1 _aCicero, Marcus Tullius,
_d-106--43
245 1 4 _aThe Academic Questions, Treatise De Finibus, and Tusculan Disputations, of M.T. Cicero, With a Sketch of the Greek Philosophers Mentioned by Cicero
_h[electronic resource] /
_cMarcus Tullius Cicero
260 _bProject Gutenberg,
_c2009
506 _aPublic domain in the USA.
516 _aElectronic text
653 _aHappiness -- Early works to 1800
653 _aEthics -- Early works to 1800
700 1 _aYonge, Charles Duke,
_d1812-1891
830 0 _aProject Gutenberg
_v29247
856 4 0 _uhttp://www.gutenberg.org/ebooks/29247
942 _cEB
999 _c258502
_d258502